Quiz sur Saint-Marin - Statistiques

Statistiques générales
  • Ce quiz a été pris 3 fois
  • Le résultat moyen est 7 sur 27
Statistiques - réponses
Question Réponse % Correct
Monnaie Euro
100%
Continent ou se trouve le pays Europe
100%
Pays dans lequel le pays est enclavé Italie
100%
Langue officielle Italien
100%
Année d'adhésion de Saint-Marin a l'ONU 1992
50%
Ville Italienne au dessus de 200 000 habitants la plus proche Florence
50%
Composition de la population de Saint-Marin (83,1% / 12%) Italiens
50%
Capitale Saint Marin
50%
Gentilé des habitants de Saint-Marin Saint-Marinais
50%
Composition de la population de Saint-Marin (83,1% / 12%) Saint-Marinais
50%
Année de création de la constitution de Saint-Marin 1600
0%
Date de la fêtes nationale du pays 3 Septembre
0%
Aéroport international de Saint-Marin se trouvant a Rimini en Italie Aéroport Federico-Fellini
0%
Secteurs économique principale du pays Agriculture
0%
Nom autrefois de l'institution médiévale regroupant tous les chefs de famille la plus connue Arengo
0%
Nom des neufs subdivisions du pays Castelli
0%
Combientième place de plus petit pays au monde Cinquième / 5ième
0%
Anciens empereur français disant a ces troupes de s'arreter au frontières de ce pays Napoléon Bonaparte / Napoléon Ier
0%
Nom des deux régions d'Italie frontalières au pays Emilie-Romagne
0%
Devise du pays en latin Libertas
0%
Nom des deux régions d'Italie frontalières au pays Marches
0%
Montagne principale du pays Mont Titano
0%
Autre nom du dialecte saint-marinais Romagnol
0%
Fondateur du pays Sanctinus Marinus
0%
Ville la plus peuplé Serravalle
0%
Climat du pays Subtropical humide
0%
Secteurs économique principale du pays Sylviculture
0%
Aucun quiz correspondant
Distribution des résultats
% des personnes avec chaque résultat
Percentile par nombre de réponses
Votre historique - résultats
Vous n’avez pas pris ce quiz